| 000 | 00791nam a2200193 a 4500 | ||
|---|---|---|---|
| 001 | 000041976 | ||
| 005 | 20201002035849.0 | ||
| 008 | 131028s1986 sp 001 0 spa d | ||
| 020 | _a8400061594 | ||
| 040 |
_aDO-SdBNP _bspa _cBNPHU |
||
| 082 |
_axxx _bxxx |
||
| 100 | 1 |
_aMarrero, Victoria _968914 |
|
| 245 | 1 | 0 |
_aRepertorio Léxico : _bobtenido de las encuestas léxicas del habla culta de Madrid / _cVictoria Marrero, M. José Quilis. |
| 260 |
_aMadrid, : _bConsejo Superior de Investigaciones Científicas _bInstituto de Filología, _c1986. |
||
| 300 |
_a396 p. ; _c23 cm. |
||
| 490 | 1 |
_aLa norma linguística culta de la lengua española hablada en Madrid _v6 |
|
| 700 | 1 |
_aQuilis, M. José _968915 |
|
| 830 | 0 |
_aLa norma linguística culta de la lengua española hablada en Madrid _v6 _963890 |
|
| 999 |
_c41465 _d41465 |
||